Aplikovaná imobilizovaná biokatalýza dizertačná práca

Na minha lista:
Detalhes bibliográficos
Autor principal: Krasňan, Vladimír
Formato: Livro
Idioma:eslovaco
Publicado em: Bratislava STU FCHPT 2018
Acesso em linha:View in OPAC
Tags: Adicionar Tag
Sem tags, seja o primeiro a adicionar uma tag!

MARC

LEADER 00000nam a2200000 a 4500
005 20260127134119.0
008 200515 2018 xo a 001 0 slo d
035 |a vtls011966782 
039 9 |y 202005151000  |z mschk03 
040 |a STUSCHK1  |b slo  |c STUSCHK1  |e AACR2 
100 1 |a Krasňan, Vladimír 
245 1 |a Aplikovaná imobilizovaná biokatalýza  |b dizertačná práca  |c Vladimír Krasňan 
260 |a Bratislava  |b STU FCHPT  |c 2018 
300 |a 85 s. + príl.  |b Obr., tab.  |c 25 cm 
500 |a Študijný program: biotechnológia 
500 |a Študijný odbor: biotechnologie 
500 |a Školiace pracovisko: Ústav biotechnológie 
500 |a Evid. číslo: FCHPT-10861-58263 
910 |a SCHK95 
999 |c 4385  |d 4385